00676cam a22002172i 450000100060000000300060000600500170001200800410002903500180007004000310008804100080011908200210012708200100014810000320015824500750019026000320026530000200029750000580031760000640037570000190043918788UkOxU20211209000332.0140222s1960 enk 000 1 eng d a BDRjUL)18846 aUKMcUKMdEQOdBDRjULbeng aeng a823.91bCOT 1960 aF2181 aConrad, Joseph,d1857-1924.10aThree tales from Conrad /cwith an introductory essay by Douglas Brown aHutchinson,c1960bLondon : a295 p. ;c19 cm aContents: Typhoon.-The secret sharer.-The shadow-line dConrad, Joseph, -- 1857-1924 xCriticism and interpretation1 aBrown, Douglas